000
00288nam a2200121Ia 4500
008
190216s9999||||xx |||||||||||||| ||und||
100
_a
Sundaram K P M
245
0
_a
Principles Of Economics
260
_b
Ratan Prakashan Mandir
_c
1970
300
_a
627p
650
_a
Economics
942
_c
BK
999
_c
9628
_d
9628